Slovenská televízia ... [ročenka]

Bibliographic Details
Corporate Author: Slovenská televízia
Format: Serial
Language:Slovak
PhysicalDescription:zv. fotogr., tab. 30 cm
Published: Bratislava Slovenská televízia
Subjects:

MARC

LEADER 00000nas a2200000 a 4500
001 vtls001473325
003 SK-MaSNL
005 20260425194056.0
008 040419cuuuu9999xo ka a 0 0slo c
015 |a SNBB2005/02-00414 (r. 2000)  |a SNBB2005/02-00415 (r. 2001) 
035 |a SNK000428627 
040 |a SNK  |b slo  |c SNK 
043 |a e-xo--- 
072 7 |a 659  |x Reklama. Public relations. Médiá  |2 konspekt 
080 |a 654.197-027.555  |x (437.6)  |x (058)  |2 snkbusd 
080 |a (437.6) 
080 |a (058) 
080 |a 654.197-027.555 
110 2 |a Slovenská televízia  |9 115516 
245 1 0 |a Slovenská televízia ...  |b [ročenka] 
246 1 3 |a STV 
260 |a Bratislava  |b Slovenská televízia 
300 |a zv.  |b fotogr., tab.  |c 30 cm 
310 |a Ročenka 
500 |a Do r. 1998 spracované ako monografia 
500 |a Súčasťou názvu je označenie bežného roku 
500 |a Názov z tiráže 
500 |a Popis podľa: R. 2000 
610 2 7 |a Slovenská televízia  |2 SNKKA  |9 115516 
650 0 7 |a verejnoprávna televízia  |2 SNKPH  |9 16879 
651 7 |a Slovensko  |2 SNKPHgeo  |9 14231 
655 7 |a ročenky  |2 SNKPH  |9 57146 
850 |a Slovenská národná knižnica v Martine 
999 |c 3418  |d 5348 
952 |a SNK  |b SNK  |y PREZ  |7 0  |p 17A0416289  |o snkČSD 1905/2000  |i snkPV 445/2004  |0 0  |1 0  |4 0  |d 2004-04-19  |l 0  |r 2005-01-02 00:00:00  |w 2026-02-21 
952 |a SNK  |b SNK  |y PREZ  |7 0  |p 17A0416290  |o snkČSD 1905/2000 D1  |i snkPV 446/2004  |0 0  |1 0  |4 0  |d 2004-04-19  |l 0  |r 2005-01-02 00:00:00  |w 2026-02-21 
952 |a SNK  |b SNK  |y PREZ  |7 0  |p 17A0416325  |o snkČSD 1905/2001  |i snkPV 479/2004  |0 0  |1 0  |4 0  |d 2004-04-27  |l 0  |r 2005-01-02 00:00:00  |w 2026-02-21 
952 |a SNK  |b SNK  |y PREZ  |7 0  |p 17A0416326  |o snkČSD 1905/2001 D1  |i snkPV 480/2004  |0 0  |1 0  |4 0  |d 2004-04-27  |l 0  |r 2005-01-02 00:00:00  |w 2026-02-21